MDQL
is popping MORE tags! Check the
thread
!
Quizzes
Events
Quiz Creation
Community
Videos
Private Events
Remove Ads
Sign In
Join for FREE
Feedback
Dark Mode
Quiz Categories
Sports
Geography
Music
Movies
Television
Just For Fun
Miscellaneous
History
Literature
Language
Science
Gaming
Entertainment
Religion
Holiday
For Kids
Quiz Lab
Recent
Popular Today
Quiz Kudos Today
Editor Picks
Curator Picks
Quizzes by...
Day
Popularity
Type
Ratings
Length
Year
Community
Subscriptions
Recent Discussions
Orange Saloon
Badges
Playlists
Quests
Create
Leaderboards
Showdown
Live 5
Trivia Bingo
Activity
Puzzle Library
Sporcle Events
Private Events
Virtual Trivia
Globe League
Become a Host
Pub Owners
SporcleCon
Opinionation
Our Games
Videos
Blog
Mobile Apps
Partnerships
Remove Ads and Go Orange
Feedback
Literature
Harry Potter
A Song of Ice and Fire
The Hunger Games
Literary Character
Shakespeare
Book
Author
Novel
Poem
Young Adult
Children's Books
Play
Lord of the Rings
Literature
Harry Potter
A Song of Ice and Fire
The Hunger Games
Literary Character
Shakespeare
Book
Author
Novel
Poem
Young Adult
Children's Books
Play
Lord of the Rings
Random Quiz
Search Sporcle
×
Quiz Lab
Quiz Lab
Literature
Song
Type in answers that appear in a list
Type in answers that appear in a list
Classic
Best Score? Go Orange.
A Song of Ice and Fire Quiz Stats
Can you answer these 'A Song of Ice and Fire' Questions?
By
Jrob95
5m
20 Questions
485 Plays
485 Plays
485 Plays
Comments
Comments
Give Quiz Kudos
Give Quiz Kudos
-
- Ratings
hide this ad
Replay
Link that replays current quiz
Next Quiz
Link to next quiz in quiz playlist
You Got
0%
They Got
Avg Score
82%
Avg Friend Score
Upgrade to see
Score Distribution
Jump to the score distribution portion of the page
Score
0/20
Timer
05:00
0
Plays Today
Hint
Answer
% Correct
Serves as Tyrion's squire
Podrick Payne
99.2%
The name of Ned Stark's Sword
Ice
98.6%
Fights for Tyrion in his trial for the Death of Joffrey
Oberyn Martell
98.4%
Name of Arya's Direwolf
Nymeria
96.1%
Meaning of Valar Morghulis
All men must die
93.8%
Nickname of Davos Seaworth
The Onion Knight
92.8%
Given Name of the Blackfish
Brynden Tully
92%
The would-
be name of Daenerys' baby
Rhaego
91.3%
Mother of Tyrion Lannister
Lady Joanna
88.9%
Craster's child who escapes with Samwell
Gilly
87.4%
Hint
Answer
% Correct
Name of Tyrion's first love
Tysha
86.2%
Name of Jon Snow's sword
Longclaw
85.8%
The friend of Arya Stark murdered by the Hound
Mycah
83.5%
Last name of Master Illyrio
Mopatis
82.5%
Tells Jon to kill him to save himself
Qhorin Halfhand
81.6%
God worshipped by Melisandre
R'hllor
73.4%
Jon is the (blank number) commander of the Night's Watch
998th
70.9%
Castle at the Wall at which Bran reaches
Nightfort
55.7%
Sansa's nickname for Sir Dontos
Florian
53.4%
Winterfell's kennelmaster
Farlen
30.7%
Quiz Playlist
Details
Report
Send in Message
Add To Playlist
Classic:
Type in answers that appear in a list
Last Updated: Sep 3, 2017
Quiz Scoreboard
CHALLENGE
Sign Up to Join the Scoreboard
Show All
Scores
Hide
Comments
May contain spoilers
Recently Published
1-10 Letter E Words III
by El_Dandy
Language
2m
Street Fighter Characters
by Artimus82
Gaming
60s
College Basketball Coaching Resumes
by pancakes188
Sports
9m
More to Explore
Quiz From the Vault
Featured Blog Post
Where Did the Easter Bunny Come From?
hide this ad
You Might Also Like...
Tags
A Song of Ice and Fire Quiz
Song Quiz
fire
Game of Thrones
ice
Today's Top Quizzes in Literature
Browse Literature
hide this ad
Today's Top Quizzes in Song
Browse Song
Top Contributed Quizzes in Literature
1
Sneaky Slytherin Logic Puzzle
2
Get The Picture: Black or White Literature
3
5-to-1: Plays
4
One Thing in Common: Literature
5
A Court of Thorns and Roses (ACoTaR) Logic Puzzle
6
One Thing in Common: Literature II
7
One Thing in Common: Books
8
One Thing in Common: Literature 3
9
'Middle' Earth
10
One Thing in Common: Books II
Explore More
Trending Topics
Harry Potter
Disney
Anime
Kpop
NBA
Marvel
Crossword
Country
NFL
Puzzle
Song
WWE
Pokémon
The Office
Soccer
hide this ad
More By:
Jrob95
Quiz
Plays
Rating
Category
Featured
Created
Top 5 Madden NFL 16 Player Rankings by Position
594
5.00
Sports
Aug 26, 2015
A Song of Ice and Fire Quiz
485
4.00
Literature
May 30, 2014
Go to Creator's Profile
Score Distribution
Quiz Creator Spotlight
Jrob95
Follow
Send a Message
Quizzes Created
-
Created Quiz Play Count
-
More By This Creator
Popular Quizzes Today
1
Find the US States - No Outlines Minefield
2
Find the Countries of Europe - No Outlines Minefield
3
The Countries of the World
4
Find the US States
5
Risky Map Clicking: Biggest States A-Z
6
US States
7
Popular People in 1961
8
Movies - When Are They Set?
More Literature Quizzes
Comic Book Crossovers
Editor's Pick
Trending Quizzes
Risky Map Clicking: Least Populous States A-Z
1-10 Letter G Words
1-10 Letter F Words
Countries of the World: 200 Million BC
Risky Map Clicking: Next State Alphabetically
Recently Updated
Rides in Walt Disney World
pecheneg
Most Oscar Losses (Acting)
pecheneg
Beyoncé Albums
pecheneg
Leaping Animals
pecheneg
Reality TV Shows (A-Z)
bhenderson79
Rickey Henderson's Hall of Fame Teammates
pecheneg
Champions League XIs: Arsenal
pecheneg
Quick Pick: Celebrities in WWE's Hall of Fame
aduchscher
A-Z Keypad Blitz II
pecheneg
Multiple Oscar Actors
pecheneg
Trending Topics
NBA
Disney
Marvel
Anime
Harry Potter
Crossword
Kpop
Country
Puzzle
Pokémon
WWE
Song
NFL
Soccer
The Office
Your Account Isn't Verified!
In order to create a playlist on Sporcle, you need to verify the email address you used during registration. Go to your
Sporcle Settings
to finish the process.
Report this User
Report this user for behavior that violates our
Community Guidelines
.
Details:
Send Report
Go to the Sporcle.com Mobile Site →
Comments